1678 1835 1224 1429 1289 1039 1445 1691 1126 1365 1883 1688 1905 1344 1576 1986 1976 1928 1987 1260 1375 1609 1326 1922 1891 1933 1610 1994 1325 1591 1554 1155 1397 1729 1439 1659 1289 1636 1567 1068 1845 1229 1622 1969 1561 1849 1136 1644 1086 1917 1362 1340 1843 1266 1533 1867 1336 1833 1318 1907 1361 1994 1760 1031 1009 1372 1524 1022 1688 1777 1624 1599 1739 1919 1233 1936 1580 1092 1567 1185 1072 1948 1269 1964 1258 1178 1383 1842 1208 1178 1584 1035 1044 1503 1251 1187 1244 1921 1104 BCNSPRNW ULIB Ver.6.0+V

เปลี่ยนเป็นภาษาไทย

Change to English
 แสดงรายละเอียดบรรณานุกรม
  กลับหน้าหลัก

Brief Record : Get Marc (ISO 2709) : E-mail record : QR code < ปิดหน้าต่าง
LEADER : 00000nam 2200000uu 4500
001    13399121985
003     ULIB
008    121218s2549||||th 000 0 tha d
020    ^a9749094441
020    ^a9789749094440
060 04 ^aWG625^bก358พ 2549
100 0  ^aกอบกุล บุญปราศภัย
245 10 ^aพยาธิสรีรวิทยาของโรคหลอดเลือดหัวใจโคโรนารีและการพยาบาล /^cกอบกุล บุญปราศภัย
250    ^aพิมพ์ครั้งที่ 2
260    ^aกรุงเทพฯ :^bพี.เอ.ลีฟวิ่ง,^c2549
300    ^a120 หน้า :^bภาพประกอบ ;^c30 ซม.
650  2 ^aผู้ป่วย
650  7 ^aหลอดเลือดหัวใจผิดปกติ
650  7 ^aหัวใจ, โรค^xการพยาบาล
650  7 ^aหัวใจร่วมหลอดเลือด, โรค^xพยาธิวิทยา
945    ^p130^l0^i24635
995    ^aกัณชพร
999 ^a ใช้งานได้ทุกระบบ
รายการนี้ยังไม่มีแท็ก
คุณยังไม่ได้ล็อกอิน คุณสามารถมีกิจกรรมร่วมกับเว็บไซต์ได้ แต่ต้องล็อกอินก่อน ::
  ล็อกอิน

รายการสื่อสารสนเทศ

ลำดับที่ ประเภท เลขเรียก/บาร์โค้ด สถานที่ สถานะ
1. วิทยาศาสตร์การแพทย์ และสุขภาพ
วิทยาศาสตร์การแพทย์ และสุขภาพ
WG625 ก358พ 2549  
  Barcode: 24635
ห้องสมุดวิทยาเขตสวรรค์ประชารักษ์
►หนังสือทั่วไป
บนชั้น

รายการใกล้เคียง
    หัวเรื่อง [ผู้ป่วย]

BibComment


ยังไม่เคยถูกคอมเมนท์

คอมเมนท์ทรัพยากรรายการนี้
  คอมเมนท์: พยาธิสรีรวิทยาขอ..


 Copyright 2026. Bcnsprnw @Library